A scientific journey through Borneo : (Record no. 26619)
[ view plain ]
| 000 -LEADER | |
|---|---|
| fixed length control field | 01092cam a2200265 a 4500 |
| 001 - CONTROL NUMBER | |
| control field | vtls002583060 |
| 003 - CONTROL NUMBER IDENTIFIER | |
| control field | MY-SjTCS |
| 005 - DATE AND TIME OF LATEST TRANSACTION | |
| control field | 20200306154241.0 |
| 008 - FIXED-LENGTH DATA ELEMENTS--GENERAL INFORMATION | |
| fixed length control field | 110218s1995 my 000 0 eng |
| 020 ## - INTERNATIONAL STANDARD BOOK NUMBER | |
| International Standard Book Number | 967978522X |
| 039 #9 - LEVEL OF BIBLIOGRAPHIC CONTROL AND CODING DETAIL [OBSOLETE] | |
| Level of rules in bibliographic description | 201204091459 |
| Level of effort used to assign nonsubject heading access points | stazrina |
| Level of effort used to assign subject headings | 201204091457 |
| Level of effort used to assign classification | stazrina |
| Level of effort used to assign subject headings | 201102181631 |
| Level of effort used to assign classification | VLOAD |
| -- | 200407271945 |
| -- | VLOAD |
| 043 ## - GEOGRAPHIC AREA CODE | |
| Geographic area code | a-my--- |
| 082 04 - DEWEY DECIMAL CLASSIFICATION NUMBER | |
| Classification number | 915.9521 |
| Item number | SCI |
| 099 ## - LOCAL FREE-TEXT CALL NUMBER (OCLC) | |
| Classification number | MALAYSIANA |
| Feature heading | 915.9521 |
| 245 02 - TITLE STATEMENT | |
| Title | A scientific journey through Borneo : |
| Remainder of title | Sayap-Kinabalu Park Sabah / |
| Statement of responsibility, etc. | edited by Ghazally Ismail, Laily bin Din. |
| 260 ## - PUBLICATION, DISTRIBUTION, ETC. | |
| Place of publication, distribution, etc. | Petaling Jaya : |
| Name of publisher, distributor, etc. | Pelanduk Publications, |
| Date of publication, distribution, etc. | c1995. |
| 300 ## - PHYSICAL DESCRIPTION | |
| Extent | xii, 241 p. ; |
| Dimensions | 23 cm. |
| 650 #0 - SUBJECT ADDED ENTRY--TOPICAL TERM | |
| Topical term or geographic name entry element | Botany |
| Geographic subdivision | Malaysia |
| -- | Mount Kinabalu National Park (Sabah) |
| 9 (RLIN) | 209102 |
| 650 #0 - SUBJECT ADDED ENTRY--TOPICAL TERM | |
| Topical term or geographic name entry element | Nature Conservation |
| Geographic subdivision | Malaysia |
| -- | Mount Kinabalu National Park (Sabah) |
| 9 (RLIN) | 209103 |
| 650 #0 - SUBJECT ADDED ENTRY--TOPICAL TERM | |
| Topical term or geographic name entry element | Zoology |
| Geographic subdivision | Malaysia |
| -- | Mount Kinabalu National Park (Sabah) |
| 9 (RLIN) | 209104 |
| 700 0# - ADDED ENTRY--PERSONAL NAME | |
| Personal name | Ghazally Ismail |
| Relator term | (ed.) |
| 9 (RLIN) | 12691 |
| 700 0# - ADDED ENTRY--PERSONAL NAME | |
| Personal name | Laily bin Din. |
| Relator term | (ed.) |
| 9 (RLIN) | 209105 |
| 710 2# - ADDED ENTRY--CORPORATE NAME | |
| Corporate name or jurisdiction name as entry element | Universiti Malaysia Sarawak. Fakulti Sains Teknologi Sumber. |
| 9 (RLIN) | 209106 |
| 920 ## - Programme | |
| Programme | SHT : 622390 |
| Withdrawn status | Lost status | Source of classification or shelving scheme | Damaged status | Not for loan | Home library | Current library | Date acquired | Total Checkouts | Barcode | Date last seen | Date last checked out | Copy number | Uniform Resource Identifier | Koha item type | Public note |
|---|---|---|---|---|---|---|---|---|---|---|---|---|---|---|---|
| Dewey Decimal Classification | Taylor's Library-TU | Taylor's Library-TU | 27/07/2004 | 1 | 1000802129 | 05/12/2019 | 06/03/2014 | 1 | Floor 4, Shelf 36 , Side 2, TierNo 4, BayNo 4 | Main Collection | SHTEx,70005,05,GR,MAL |